Kenegaraan Malaysia : isu-isu dan pemasalahan /

Bibliographic Details
Main Author: Rohani Ab. Ghani
Format: Book
Published: Pahang: PTSPublications & Distributors, 2002.
Subjects:
LEADER 00559cam a2200193 7i4500
001 0000060537
005 20151104090000.0
005 ##20151104182300.0
003 ##MY-KlINT
020 # # |a 9831920015  
039 # 9 |y 201511041823  |z VLOAD 
090 0 0 |a 959.5 ROH  
100 1 # |a Rohani Ab. Ghani 
245 1 0 |a Kenegaraan Malaysia :   |b isu-isu dan pemasalahan /   |c Rohani Ab. Ghani.. 
260 # # |a Pahang:   |b PTSPublications & Distributors,   |c 2002. 
300 # # |a 183 p.. 
650 # 0 |a Malaysia--constitution  
650 # 0 |a Malaysia--Politics and government  
650 # 0 |a Malaysia--History